000 00326pab a2200145 454500
008 180718b1983 xxu||||| |||| 00| 0 eng d
100 _aKabra, Kamal Nayan
245 _aNationalised banks, a critique
260 _c1983
300 _a4-7
362 _a16 July
650 _aBanks - India
773 _aYojana
909 _a4322
999 _c4322
_d4322